[Event "Reykjavik op"]
[Site "Reykjavik"]
[Date "2017.04.27"]
[Round "10"]
[White "Yu, Jonathan"]
[Black "Aradhya, Garg"]
[Result "1/2-1/2"]
[WhiteElo "2073"]
[BlackElo "2315"]
[PlyCount "98"]
[EventDate "2017.04.19"]
[EventType "swiss"]
[EventRounds "10"]
[EventCountry "ISL"]
[SourceTitle "CBM 178 Extra"]
[Source "ChessBase"]
[SourceDate "2017.06.22"]
[SourceVersion "1"]
[SourceVersionDate "2017.06.22"]
[SourceQuality "1"]

1. e4 e5 2. Nf3 Nc6 3. Bc4 Bc5 4. 0-0 Nf6 5. d3 0-0 6. Nbd2 d6 7. c3 a6 8. a4 h6 9. Re1 Ng4 10. Re2 Kh7 11. h3 f5 12. exf5 Nxf2 13. Rxf2 Bxf2+ 14. Kxf2 d5 15. Bb3 Bxf5 16. Qe2 Qd6 17. Kg1 Rae8 18. a5 Nxa5 19. Ba4 b5 20. Bc2 Nc6 21. b4 Kh8 22. Nb3 d4 23. Rxa6 dxc3 24. Rxc6 Qxc6 25. Nxe5 Qd5 26. d4 Bxc2 27. Qxc2 Rxe5 28. dxe5 Qxe5 29. Qd3 Rf6 30. Qd8+ Kh7 31. Qd3+ Kg8 32. Be3 Rd6 33. Bd4 c2 34. Qxc2 Rxd4 35. Nxd4 Qe1+ 36. Kh2 Qe5+ 37. Kh1 Qxd4 38. Qxc7 Qxb4 39. Qd8+ Kf7 40. Qd5+ Kf6 41. Qf3+ Ke6 42. Qc6+ Ke5 43. Qc7+ Kf6 44. Qc6+ Kg5 45. Qd5+ Kh4 46. Qe5 g5 47. Kh2 Qd2 48. Qe4+ Kh5 49. Qe8+ Kh4 1/2-1/2

[Event "Reykjavik op"]
[Site "Reykjavik"]
[Date "2017.04.24"]
[Round "7"]
[White "Abrahamyan, Tatev"]
[Black "Yu, Jonathan"]
[Result "1/2-1/2"]
[WhiteElo "2364"]
[BlackElo "2073"]
[PlyCount "45"]
[EventDate "2017.04.19"]
[EventType "swiss"]
[EventRounds "10"]
[EventCountry "ISL"]
[SourceTitle "CBM 178 Extra"]
[Source "ChessBase"]
[SourceDate "2017.06.22"]
[SourceVersion "1"]
[SourceVersionDate "2017.06.22"]
[SourceQuality "1"]

1. e4 e6 2. d4 d5 3. Nd2 Nf6 4. e5 Nfd7 5. Ngf3 c5 6. c3 Nc6 7. Bd3 g6 8. Bc2 b6 9. 0-0 Ba6 10. Re1 Rc8 11. Nb3 Qc7 12. Bf4 Bg7 13. Rc1 Bb5 14. h4 h6 15. Qd2 a5 16. Qe3 a4 17. Nbd2 Ne7 18. dxc5 bxc5 19. b4 d4 20. cxd4 Nd5 21. Qe4 Nc3 22. Qe3 Nd5 23. Qe4 1/2-1/2

[Event "Reykjavik op"]
[Site "Reykjavik"]
[Date "2017.04.23"]
[Round "6"]
[White "Yu, Jonathan"]
[Black "Ptacnikova, Lenka"]
[Result "1-0"]
[WhiteElo "2073"]
[BlackElo "2242"]
[PlyCount "117"]
[EventDate "2017.04.19"]
[EventType "swiss"]
[EventRounds "10"]
[EventCountry "ISL"]
[SourceTitle "CBM 178 Extra"]
[Source "ChessBase"]
[SourceDate "2017.06.22"]
[SourceVersion "1"]
[SourceVersionDate "2017.06.22"]
[SourceQuality "1"]

1. e4 d5 2. Nc3 d4 3. Nce2 e5 4. Ng3 Be6 5. Nf3 Nd7 6. c3 c5 7. Bb5 f6 8. d3 dxc3 9. bxc3 Qa5 10. Bxd7+ Bxd7 11. Qb3 Qa6 12. c4 Ne7 13. 0-0 Ba4 14. Qa3 Nc6 15. Qc3 0-0-0 16. Nf5 g6 17. Ne3 Nd4 18. Qa3 Nc2 19. Nxc2 Bxc2 20. Qxa6 bxa6 21. Ne1 Bxd3 22. Nxd3 Rxd3 23. Be3 Be7 24. Rfd1 Rhd8 25. Rxd3 Rxd3 26. Rc1 Kc7 27. g4 Kc6 28. Kf1 Bd8 29. Ke2 Ra3 30. Rc2 Ba5 31. Bh6 Rh3 32. Bg7 Bd8 33. Rd2 Be7 34. g5 f5 35. exf5 gxf5 36. Bxe5 Rh5 37. Bf6 Bxf6 38. gxf6 Rh6 39. Kf3 Rxf6 40. Kf4 Rh6 41. f3 Rh4+ 42. Kxf5 Rxc4 43. Ke5 Rc1 44. f4 Re1+ 45. Kf6 c4 46. f5 Rf1 47. Ke6 Kc5 48. f6 c3 49. Rd8 Kc4 50. f7 c2 51. f8Q Rxf8 52. Rxf8 Kd3 53. Rc8 Kd2 54. Kf6 c1Q 55. Rxc1 Kxc1 56. Kg7 a5 57. a4 Kd2 58. Kxh7 Ke3 59. Kg6 1-0

[Event "Reykjavik op"]
[Site "Reykjavik"]
[Date "2017.04.22"]
[Round "5"]
[White "Pedersen, Soren Sandmann"]
[Black "Yu, Jonathan"]
[Result "0-1"]
[WhiteElo "1794"]
[BlackElo "2073"]
[PlyCount "82"]
[EventDate "2017.04.19"]
[EventType "swiss"]
[EventRounds "10"]
[EventCountry "ISL"]
[SourceTitle "CBM 178 Extra"]
[Source "ChessBase"]
[SourceDate "2017.06.22"]
[SourceVersion "1"]
[SourceVersionDate "2017.06.22"]
[SourceQuality "1"]

1. d4 e6 2. c4 Nf6 3. Nc3 Bb4 4. e3 0-0 5. a3 Bxc3+ 6. bxc3 d6 7. Bd3 e5 8. Ne2 e4 9. Bc2 b6 10. d5 Ba6 11. Qd4 c5 12. Qd1 Nbd7 13. Ng3 Re8 14. Qe2 Ne5 15. Bb3 Nd3+ 16. Kf1 Nxc1 17. Rxc1 Nxd5 18. Ba4 Nf6 19. Bxe8 Qxe8 20. Kg1 d5 21. Nh5 Nxh5 22. Qxh5 Bxc4 23. Qd1 Qb5 24. Rb1 Qa5 25. Qc1 Bd3 26. Ra1 Qa4 27. h4 Rc8 28. h5 h6 29. Qd1 Qa5 30. Qe1 b5 31. g4 f6 32. Kg2 f5 33. Rh4 Qd8 34. Qh1 Qg5 35. Kg3 Be2 36. Rb1 Bxg4 37. f4 exf3 38. Rxb5 Qxe3 39. Rxg4 fxg4 40. Qd1 f2+ 41. Kg2 Rf8 0-1

[Event "Vienna op-A"]
[Site "Vienna"]
[Date "2016.08.23"]
[Round "9"]
[White "Bisby, Daniel L"]
[Black "Yu, Jonathan"]
[Result "1-0"]
[WhiteElo "2311"]
[BlackElo "2106"]
[PlyCount "130"]
[EventDate "2016.08.16"]
[EventType "swiss"]
[EventRounds "9"]
[EventCountry "AUT"]
[SourceTitle "CBM 173 Extra"]
[Source "ChessBase"]
[SourceDate "2016.08.29"]
[SourceVersion "1"]
[SourceVersionDate "2016.08.29"]
[SourceQuality "1"]

1. e4 e6 2. d3 c5 3. Nf3 Nc6 4. g3 g6 5. Bg5 Qc7 6. Nc3 Bg7 7. Qd2 a6 8. Bg2 d6 9. 0-0 Nge7 10. Bh6 0-0 11. Bxg7 Kxg7 12. d4 cxd4 13. Nxd4 Nxd4 14. Qxd4+ e5 15. Qd2 Be6 16. Rad1 Rfd8 17. f4 Qc5+ 18. Kh1 Bc4 19. Rf2 f6 20. b3 Be6 21. f5 gxf5 22. exf5 Nxf5 23. Bd5 Bxd5+ 24. Nxd5 Nd4 25. Nxf6 Qc6+ 26. Kg1 Nf3+ 27. Rxf3 Qxf3 28. Qg5+ Kh8 29. Rf1 Qc3 30. Nh5 e4 31. Rf7 Rf8 32. Qe7 Qe1+ 33. Kg2 Qe2+ 34. Kg1 Qe1+ 35. Kg2 Qe2+ 36. Kg1 Qe3+ 37. Kg2 Rxf7 38. Qxf7 Qh6 39. Nf4 Rf8 40. Qxb7 Qf6 41. Qxe4 d5 42. Qxd5 Rd8 43. Qc5 Qd4 44. Qxd4+ Rxd4 45. Nd3 a5 46. Kf3 a4 47. Ke3 Rd6 48. c4 Rh6 49. b4 Rxh2 50. b5 Rxa2 51. b6 Ra1 52. Kd4 Rb1 53. Kc5 a3 54. Nb4 Kg7 55. b7 a2 56. b8Q a1Q 57. Qc7+ Kg6 58. Qd6+ Qf6 59. Nd5 Qxd6+ 60. Kxd6 Rc1 61. c5 Kf5 62. c6 h6 63. c7 Kg4 64. Nf6+ Kxg3 65. Ne4+ Kg4 1-0

[Event "Gibraltar Masters 13th"]
[Site "Caleta"]
[Date "2015.02.03"]
[Round "8"]
[White "Docx, Stefan"]
[Black "Yu, Jonathan"]
[Result "0-1"]
[WhiteElo "2450"]
[BlackElo "2081"]
[PlyCount "72"]
[EventDate "2015.01.27"]
[EventType "swiss"]
[EventRounds "10"]
[EventCountry "GGB"]
[SourceTitle "CBM 165"]
[Source "ChessBase"]
[SourceDate "2015.03.11"]
[SourceVersion "1"]
[SourceVersionDate "2015.03.11"]
[SourceQuality "1"]

1. Nf3 e6 2. c4 Nf6 3. Nc3 d5 4. d4 Bb4 5. cxd5 exd5 6. Bg5 0-0 7. e3 c6 8. Bd3 Nbd7 9. 0-0 Re8 10. Qc2 h6 11. Bh4 Be7 12. Bg3 Nh5 13. Nxd5 Nxg3 14. Nxe7+ Qxe7 15. hxg3 Nf6 16. Rac1 Be6 17. Rfe1 Bd5 18. Ne5 Rad8 19. a3 a6 20. b4 g6 21. Rb1 Nd7 22. Nxd7 Rxd7 23. a4 h5 24. b5 axb5 25. axb5 f5 26. bxc6 bxc6 27. Bc4 Kg7 28. Bxd5 cxd5 29. Rec1 h4 30. gxh4 Qxh4 31. Qc6 Red8 32. Rb7 Qe7 33. Rcb1 Qf7 34. g3 Kh6 35. Kg2 Qe8 36. Qxd5 Rxd5 0-1

[Event "Gibraltar Masters 13th"]
[Site "Caleta"]
[Date "2015.01.30"]
[Round "4"]
[White "Cordes, Hans Joerg"]
[Black "Yu, Jonathan"]
[Result "1/2-1/2"]
[WhiteElo "2262"]
[BlackElo "2081"]
[PlyCount "84"]
[EventDate "2015.01.27"]
[EventType "swiss"]
[EventRounds "10"]
[EventCountry "GGB"]
[SourceTitle "CBM 165"]
[Source "ChessBase"]
[SourceDate "2015.03.11"]
[SourceVersion "1"]
[SourceVersionDate "2015.03.11"]
[SourceQuality "1"]

1. d4 e6 2. Nf3 Nf6 3. c4 Bb4+ 4. Bd2 Qe7 5. g3 Nc6 6. Bg2 Bxd2+ 7. Nbxd2 d5 8. 0-0 0-0 9. Rc1 Rd8 10. Qc2 Bd7 11. Rfe1 dxc4 12. Qxc4 Rac8 13. a3 Be8 14. b4 b5 15. Qc3 a5 16. bxa5 Nd5 17. Qc5 Qxc5 18. Rxc5 Nxa5 19. Rec1 c6 20. Ne5 f6 21. Nd3 Ra8 22. Nb4 Nxb4 23. axb4 Rxd4 24. Rxb5 Rxd2 25. Rxa5 Rad8 26. Bf3 e5 27. Kg2 Rb2 28. Bxc6 Bxc6+ 29. Rxc6 Rxb4 30. Rc7 h5 31. h3 Kh7 32. Raa7 Rg8 33. Rf7 Kg6 34. f3 Rc4 35. Kf2 Rcc8 36. f4 exf4 37. gxf4 Rcf8 38. Rfb7 Rb8 39. Rc7 Rbc8 40. Rd7 Rcd8 41. Rdc7 Rc8 42. Rd7 Rcd8 1/2-1/2

[Event "Gibraltar Masters 13th"]
[Site "Caleta"]
[Date "2015.01.29"]
[Round "3"]
[White "Yu, Jonathan"]
[Black "Lombaers, Peter"]
[Result "0-1"]
[WhiteElo "2081"]
[BlackElo "2291"]
[PlyCount "94"]
[EventDate "2015.01.27"]
[EventType "swiss"]
[EventRounds "10"]
[EventCountry "GGB"]
[SourceTitle "CBM 165"]
[Source "ChessBase"]
[SourceDate "2015.03.11"]
[SourceVersion "1"]
[SourceVersionDate "2015.03.11"]
[SourceQuality "1"]

1. e4 Nf6 2. e5 Nd5 3. d4 d6 4. Nf3 dxe5 5. Nxe5 c6 6. c4 Nb4 7. Nd3 Nxd3+ 8. Qxd3 g6 9. Be3 Bg7 10. Nc3 0-0 11. Be2 Nd7 12. 0-0 Nf6 13. h3 Qc7 14. Bf3 Bf5 15. Qe2 Rad8 16. Rfd1 Rfe8 17. Qf1 Qb8 18. Rac1 e5 19. g4 Bc8 20. Qg2 exd4 21. Bxd4 Qf4 22. Bxa7 Rxd1+ 23. Rxd1 Qxc4 24. Be3 Qb4 25. Rd2 Be6 26. Qf1 Nd7 27. a3 Qa5 28. Bd4 Ne5 29. Be2 b5 30. Qd1 Qc7 31. f4 Nc4 32. Bxc4 Bxc4 33. Bxg7 Qxf4 34. Bd4 Qg3+ 35. Rg2 Re1+ 36. Qxe1 Qxe1+ 37. Kh2 c5 38. Bf6 b4 39. axb4 cxb4 40. b3 Qe6 41. g5 Qd6+ 42. Kh1 bxc3 43. bxc4 c2 44. Bb2 Qc6 45. Bc1 Qxc4 46. Rg1 Qe2 47. Bb2 Kf8 0-1

[Event "Gibraltar Masters 13th"]
[Site "Caleta"]
[Date "2015.01.28"]
[Round "2"]
[White "De Haan, Eric"]
[Black "Yu, Jonathan"]
[Result "0-1"]
[WhiteElo "2299"]
[BlackElo "2081"]
[PlyCount "130"]
[EventDate "2015.01.27"]
[EventType "swiss"]
[EventRounds "10"]
[EventCountry "GGB"]
[SourceTitle "CBM 165"]
[Source "ChessBase"]
[SourceDate "2015.03.11"]
[SourceVersion "1"]
[SourceVersionDate "2015.03.11"]
[SourceQuality "1"]

1. d4 e6 2. c4 Nf6 3. Nc3 Bb4 4. e3 c5 5. Nge2 cxd4 6. exd4 0-0 7. a3 Be7 8. Nf4 d5 9. cxd5 exd5 10. Bd3 Nc6 11. Be3 Re8 12. 0-0 Bd6 13. Ncxd5 Nxd5 14. Nxd5 Bxh2+ 15. Kxh2 Qxd5 16. Rc1 Bf5 17. Bc4 Qd6+ 18. Kg1 Qg6 19. Bd5 Rad8 20. Bxc6 bxc6 21. Rc5 h6 22. Qf3 Be4 23. Qh3 Bd5 24. Re1 Re6 25. Rcc1 Re4 26. f3 Re6 27. Bf2 Rde8 28. Qg3 Qd3 29. Re5 Qd2 30. Rce1 Qxb2 31. f4 f5 32. Rxe6 Rxe6 33. Rxe6 Bxe6 34. Qg6 Qb1+ 35. Kh2 Bd5 36. Bh4 Qe4 37. Bf6 Qxf4+ 38. Kg1 Qg4 39. Qxg4 fxg4 40. Bd8 Kf7 41. g3 Ke8 42. Ba5 Kd7 43. Bb4 g6 44. Bf8 h5 45. Bh6 Ke6 46. Bg5 Kf5 47. Be7 Ke4 48. Bf6 Kf3 49. Kh2 Kf2 50. Bg5 Bb3 51. Be7 a5 52. Bg5 a4 53. Be7 Ke3 54. Bf6 g5 55. Kg2 h4 56. Kh2 Kf2 57. Be5 Bd5 58. Bd6 Ke3 59. Be5 h3 60. Bf6 Kd3 61. Kg1 Kc4 62. Be5 c5 63. dxc5 Kb3 64. c6 Kxa3 65. c7 Bb7 0-1

[Event "Gibraltar Masters 13th"]
[Site "Caleta"]
[Date "2015.01.27"]
[Round "1"]
[White "Yu, Jonathan"]
[Black "Wagner, Dennis"]
[Result "0-1"]
[WhiteElo "2081"]
[BlackElo "2501"]
[PlyCount "66"]
[EventDate "2015.01.27"]
[EventType "swiss"]
[EventRounds "10"]
[EventCountry "GGB"]
[SourceTitle "CBM 165"]
[Source "ChessBase"]
[SourceDate "2015.03.11"]
[SourceVersion "1"]
[SourceVersionDate "2015.03.11"]
[SourceQuality "1"]

1. e4 e6 2. d4 d5 3. Nc3 Nf6 4. e5 Nfd7 5. f4 c5 6. Nf3 Be7 7. Be3 0-0 8. Bd3 Nc6 9. 0-0 f5 10. Kh1 a6 11. Rg1 cxd4 12. Nxd4 Nxd4 13. Bxd4 Nc5 14. g4 Nxd3 15. cxd3 fxg4 16. Qxg4 Rf7 17. Rg3 Bd7 18. Rag1 Qf8 19. Ne2 Rc8 20. h4 Kh8 21. f5 Rxf5 22. Qxg7+ Qxg7 23. Rxg7 Re8 24. Be3 Rf3 25. R7g3 Rxg3 26. Rxg3 Bxh4 27. Rg4 Be7 28. Bh6 Rg8 29. Rxg8+ Kxg8 30. Kg2 Kf7 31. Nf4 Bc5 32. Ne2 Bb5 33. d4 Ba7 0-1

[Event "Aurora Fall op"]
[Site "Aurora"]
[Date "2014.10.05"]
[Round "4"]
[White "Yu, Jonathan"]
[Black "Plotkin, Mark"]
[Result "0-1"]
[WhiteElo "2085"]
[BlackElo "2186"]
[PlyCount "68"]
[EventDate "2014.10.04"]
[EventType "swiss"]
[EventRounds "5"]
[EventCountry "CAN"]
[SourceTitle "CBM 162 Extra"]
[Source "ChessBase"]
[SourceDate "2014.10.17"]
[SourceVersion "1"]
[SourceVersionDate "2014.10.17"]
[SourceQuality "1"]

1. e4 e5 2. Nf3 Nf6 3. Nxe5 d6 4. Nf3 Nxe4 5. Nc3 Nxc3 6. dxc3 Be7 7. Be3 Nc6 8. Qd2 Be6 9. 0-0-0 Qd7 10. Kb1 0-0 11. h4 Rad8 12. Ng5 Ne5 13. Bd4 c5 14. Bxe5 dxe5 15. Bd3 Bxg5 16. Bxh7+ Kxh7 17. hxg5+ Kg8 18. Qe2 Qa4 19. b3 Qg4 20. f3 Qxg5 21. g4 Rxd1+ 22. Qxd1 Rd8 23. Qg1 b6 24. Qh2 Kf8 25. Qe2 Kg8 26. Qh2 Qh6 27. Qg2 Rd2 28. Qf1 Qg6 29. Qc1 Rf2 30. Qd1 Qg5 31. Qd3 g6 32. Qd6 Rd2 33. Qc6 Qd8 34. Kb2 Bd5 0-1

[Event "CAN-chT University"]
[Site "Montreal"]
[Date "2013.01.12"]
[Round "2"]
[White "Yu, Jonathan"]
[Black "MacKinnon, Keith"]
[Result "1/2-1/2"]
[WhiteElo "2133"]
[BlackElo "2320"]
[PlyCount "36"]
[EventDate "2013.01.12"]
[EventType "swiss"]
[EventRounds "5"]
[EventCountry "CAN"]
[SourceTitle "EXT 2014"]
[Source "ChessBase"]
[SourceDate "2013.11.20"]
[SourceVersion "1"]
[SourceVersionDate "2013.11.20"]
[SourceQuality "1"]

1. e4 d5 2. exd5 Qxd5 3. d4 Nf6 4. c4 Qd8 5. Nc3 Bg4 6. Be2 Bxe2 7. Ngxe2 e6 8. Qb3 Qc8 9. 0-0 Nbd7 10. Bf4 a6 11. Rfe1 Be7 12. d5 e5 13. Ng3 Bd6 14. Nce4 Nxe4 15. Nxe4 0-0 16. Be3 f5 17. c5 fxe4 18. cxd6 cxd6 1/2-1/2

[Event "Canadian op 48th U2000"]
[Site "Toronto"]
[Date "2011.07.15"]
[Round "7"]
[White "Yu, Jonathan"]
[Black "Siddeley, Hugh"]
[Result "1-0"]
[WhiteElo "1971"]
[BlackElo "1996"]
[PlyCount "57"]
[EventDate "2011.07.09"]
[EventType "swiss"]
[EventRounds "9"]
[EventCountry "CAN"]
[SourceTitle "EXT 2022"]
[Source "ChessBase"]
[SourceDate "2021.10.06"]
[SourceVersion "1"]
[SourceVersionDate "2021.10.06"]
[SourceQuality "1"]

1. e4 e6 2. d4 d5 3. Nc3 Bb4 4. e5 c5 5. a3 Bxc3+ 6. bxc3 Ne7 7. Qg4 Qc7 8. Qxg7 Rg8 9. Qxh7 cxd4 10. Ne2 Nbc6 11. f4 Bd7 12. Qd3 dxc3 13. Nxc3 a6 14. Rb1 Na5 15. h4 Rc8 16. Rh3 Nc4 17. h5 Nf5 18. h6 Nce3 19. h7 Rh8 20. Bxe3 Qxc3+ 21. Bd2 Qxc2 22. Qxc2 Rxc2 23. Rxb7 Bc8 24. Ra7 Rc6 25. Bb4 Rc1+ 26. Kf2 d4 27. Bxa6 Rc2+ 28. Ke1 Ne3 29. Bb5+ 1-0

[Event "Canadian op 48th U2000"]
[Site "Toronto"]
[Date "2011.07.11"]
[Round "3"]
[White "Cortez, Pacifico"]
[Black "Yu, Jonathan"]
[Result "0-1"]
[WhiteElo "1830"]
[BlackElo "1971"]
[PlyCount "104"]
[EventDate "2011.07.09"]
[EventType "swiss"]
[EventRounds "9"]
[EventCountry "CAN"]
[SourceTitle "EXT 2022"]
[Source "ChessBase"]
[SourceDate "2021.10.06"]
[SourceVersion "1"]
[SourceVersionDate "2021.10.06"]
[SourceQuality "1"]

1. c4 e6 2. g3 Nf6 3. Bg2 d5 4. Nf3 dxc4 5. 0-0 Nbd7 6. Qc2 Bd6 7. Na3 Bxa3 8. bxa3 0-0 9. Qxc4 e5 10. Bb2 Re8 11. Rac1 c6 12. a4 h6 13. Qc3 e4 14. Nd4 Nd5 15. Qc2 N7f6 16. d3 e3 17. f3 h5 18. h3 Qd6 19. f4 h4 20. Qc5 Qb8 21. Nf3 b6 22. Qc4 hxg3 23. Be5 Qb7 24. Nd4 Bd7 25. Bxf6 gxf6 26. Nxc6 Bxc6 27. Qxc6 Qxc6 28. Rxc6 Rad8 29. Rfc1 Nxf4 30. Bf3 Rd4 31. R1c4 Red8 32. h4 Kg7 33. h5 f5 34. a3 Rxc4 35. Rxc4 Ne6 36. Kg2 f4 37. Bg4 Nd4 38. Bf3 Rd6 39. Rb4 a5 40. Rc4 Kh6 41. Rc7 Rf6 42. Rc4 Nxf3 43. Kxf3 Kxh5 44. Rc1 Kg5 45. Rc4 Rf5 46. Rc6 Rc5 47. Rxb6 Rc1 48. Rb7 f5 49. Rb8 Rf1+ 50. Kg2 Rf2+ 51. Kg1 Rxe2 52. Rg8+ Kh4 0-1

[Event "CAN-ch Post-Secondary A"]
[Site "Waterloo"]
[Date "2011.01.16"]
[Round "4.4"]
[White "Yu, Jonathan"]
[Black "Roddick, Steve"]
[Result "1-0"]
[WhiteElo "1969"]
[BlackElo "1826"]
[PlyCount "50"]
[EventDate "2011.01.15"]
[EventType "swiss"]
[EventRounds "4"]
[EventCountry "CAN"]
[SourceTitle "EXT 2022"]
[Source "ChessBase"]
[SourceDate "2021.10.06"]
[SourceVersion "1"]
[SourceVersionDate "2021.10.06"]
[SourceQuality "1"]

1. e4 c5 2. Nf3 d6 3. c3 Nf6 4. Bb5+ Nbd7 5. Qe2 e6 6. d4 a6 7. Bd3 Qc7 8. 0-0 Be7 9. Bg5 b6 10. e5 dxe5 11. dxe5 Nd5 12. c4 Nb4 13. Bxe7 Kxe7 14. Be4 Nc6 15. Nc3 Bb7 16. Nd5+ exd5 17. cxd5 Kf8 18. dxc6 Bxc6 19. Bxc6 Qxc6 20. Rad1 Re8 21. Rfe1 Re6 22. Rd6 Qxd6 23. exd6 Rxe2 24. Rxe2 Nb8 25. Ne5 Ke8 1-0

[Event "CAN-ch Post-Secondary A"]
[Site "Waterloo"]
[Date "2011.01.15"]
[Round "1"]
[White "Peristy, Luke"]
[Black "Yu, Jonathan"]
[Result "0-1"]
[WhiteElo "1650"]
[BlackElo "1969"]
[PlyCount "66"]
[EventDate "2011.01.15"]
[EventType "swiss"]
[EventRounds "4"]
[EventCountry "CAN"]
[SourceTitle "EXT 2022"]
[Source "ChessBase"]
[SourceDate "2021.10.06"]
[SourceVersion "1"]
[SourceVersionDate "2021.10.06"]
[SourceQuality "1"]

1. c4 e6 2. Nc3 d5 3. d4 Bb4 4. e3 Nf6 5. Bd2 0-0 6. Nf3 c5 7. cxd5 exd5 8. Be2 Nc6 9. a3 Bxc3 10. Bxc3 c4 11. a4 Ne4 12. 0-0 Re8 13. Nd2 Nxc3 14. bxc3 Bf5 15. Bg4 Bd3 16. Be2 Bg6 17. Bh5 Ne7 18. Bxg6 Nxg6 19. Re1 Qg5 20. Qf3 Rad8 21. Rad1 f5 22. Qg3 Qf6 23. f3 f4 24. exf4 Nxf4 25. Ne4 dxe4 26. fxe4 Rf8 27. e5 Qc6 28. Qg4 h5 29. Qf3 Qxa4 30. Qxb7 Rb8 31. Qe4 Rb2 32. Ra1 Qb3 33. g3 Nh3+ 0-1

[Event "CAN-ch U20"]
[Site "Brantford"]
[Date "2005.05.03"]
[Round "8"]
[White "Xia, Angel"]
[Black "Yu, Jonathan"]
[Result "1-0"]
[WhiteElo "1896"]
[BlackElo "1974"]
[PlyCount "43"]
[EventDate "2005.04.??"]
[EventType "swiss"]
[EventRounds "9"]
[EventCountry "CAN"]
[SourceTitle "EXT 2006"]
[Source "ChessBase"]
[SourceDate "2005.11.24"]
[SourceVersion "1"]
[SourceVersionDate "2005.11.24"]
[SourceQuality "1"]

1. e4 e6 2. d4 d5 3. exd5 exd5 4. Bd3 Bd6 5. Qf3 Nc6 6. c3 Be6 7. Ne2 Nge7 8. Bf4 h6 9. h4 Bxf4 10. Nxf4 Qd7 11. Nd2 0-0-0 12. Nxe6 Qxe6+ 13. Be2 Kb8 14. 0-0-0 Rd6 15. Bd3 f5 16. Rde1 Qf7 17. Qh3 Rg8 18. Nf3 g5 19. hxg5 hxg5 20. Qh5 Qf6 21. Ne5 Nxe5 22. dxe5 1-0

[Event "CAN-ch U20"]
[Site "Brantford"]
[Date "2005.04.30"]
[Round "1"]
[White "Iv, Kieng"]
[Black "Yu, Jonathan"]
[Result "1-0"]
[WhiteElo "1466"]
[BlackElo "1974"]
[PlyCount "81"]
[EventDate "2005.04.??"]
[EventType "swiss"]
[EventRounds "9"]
[EventCountry "CAN"]
[SourceTitle "EXT 2006"]
[Source "ChessBase"]
[SourceDate "2005.11.24"]
[SourceVersion "1"]
[SourceVersionDate "2005.11.24"]
[SourceQuality "1"]

1. c4 e6 2. Nc3 d5 3. e3 Nf6 4. Nf3 Be7 5. d4 0-0 6. Bd3 dxc4 7. Bxc4 c5 8. 0-0 Nbd7 9. Qd3 a6 10. a4 Qc7 11. Ne4 cxd4 12. Nxf6+ Bxf6 13. exd4 Rd8 14. Qe2 Nb6 15. Bd3 Bd7 16. a5 Nd5 17. Bg5 Nf4 18. Bxf4 Qxf4 19. Qe4 Qxe4 20. Bxe4 Rab8 21. Rfd1 Bc6 22. Bxc6 bxc6 23. Rac1 Rd6 24. Ne5 Rxb2 25. Nc4 Bxd4 26. Nxb2 e5 27. Nc4 Rd5 28. Nxe5 Rxe5 29. Rxd4 g6 30. g3 Rxa5 31. Rxc6 Ra2 32. Rc8+ Kg7 33. Rc7 a5 34. Rf4 a4 35. Rfxf7+ Kh6 36. Rxh7+ Kg5 37. h4+ Kg4 38. Rc4+ Kh3 39. Rc1 a3 40. Ra7 Kg4 41. Kg2 1-0